Eniten Vietnamissa vierailevat valtiot - Statistics

Yleistilastot
  • Tätä visaa on pelattu 21 kertaa
  • Keskiarvotulos 9 / 10
Vastaustilastot
Vierailijoita Valtio % Oikein
501 000 Intia
100%
3 738 000 Kiina
100%
780 000 Yhdysvallat
100%
711 000 Japani
94%
418 000 Thaimaa
94%
491 000 Australia
88%
4 569 000 Etelä-Korea
81%
495 000 Malesia
81%
1 289 000 Taiwan
75%
475 000 Kambodža
63%
Ehtoja vastaavia visoja ei löytynyt
Tulosjakauma
Jokaisen tuloksen saaneiden osuus
Persentiili vastausten määrän mukaan
Tuloshistoriasi
Et ole pelannut tätä visaa